Kaizen strategies for winning through people : How to create a human resources program for competitiveness & profitability

Bibliographic Details
Main Author: Cane, Sheila
Format: Book
Published: London : Pitman Publishing , 1996
Subjects:

MARC

LEADER 00000cam a2200000 7i4500
001 0000008376
002 000009131
005 20000330.0
020 |a 0273617087 
090 0 0 |a 658.31244   |b CAN 
100 1 |a Cane, Sheila 
245 1 0 |a Kaizen strategies for winning through people :   |b How to create a human resources program for competitiveness & profitability   |c Sheila Cane 
260 |a London :   |b Pitman Publishing ,   |c 1996 
300 |a 242p. ;   |c 24cm. 
650 0 0 |a Comparative management 
650 0 0 |a Industrial management 
650 0 0 |a Industrial management   |z Japan 
999 |a 047776   |b BUKU   |c PINJAMAN   |e PERPUSTAKAAN KOMUNITI PETALING JAYA 
999 |a 047777   |b BUKU   |c PINJAMAN   |e PERPUSTAKAAN KOMUNITI PETALING JAYA